| 000 | 00660nam a2200253 a 4500 | ||
|---|---|---|---|
| 001 | nice12345678 | ||
| 003 | IN_TiNIC | ||
| 005 | 20260116011913.0 | ||
| 008 | 050524s1976 dela grp 000 0 eng | ||
| 020 |
_a _c100 |
||
| 082 | 0 | 0 |
_a305.6297054 _bMIL |
| 100 | _aMiller, Roland E | ||
| 245 |
_aMappila Muslims of Kerala _b Study in Islamic Trends |
||
| 260 |
_aDelhi _bOrient Longmans _c1976 |
||
| 300 | _a350p | ||
| 500 | _aincludes index and biblioraphy | ||
| 505 | 2 | _afour volumes bound together | |
| 650 | _aMuslims-India-Kerala | ||
| 650 | _aMapilla Muslims | ||
| 700 | 1 | _aMiller, Roland E | |
| 902 | _bSRS | ||
| 942 | _cBK | ||
| 999 |
_c4838 _d4838 |
||